Представление документа в формате RUSMARC

ПолеНазваниеЗначение
  Тип записи a
  Библиографический уровень m
001 Контрольный номер RU/CBS_UL/BASE/aeb36f9464e4442cbda8561f474db9ea
005 Дата корректировки 20260216152749.7
010 Индекс ISBN __
a ISBN
d Цена 50 к.
9 Тираж 100 000 экз.
100 Данные общей обработки __
a Данные общей обработки 20260216d 0rusy0189## ca
101 Язык документа 0_
a Язык текста rus
102 Страна публикации __
a Страна публикации RU
200 Заглавие и сведения об ответственности 1_
a Заглавие Матч на первенство мира
e Сведения, относящиеся к заглавию Мерано-81
e Сведения, относящиеся к заглавию сборник
g Последующие сведения об ответственности под общ. ред. Ю. Л. Авербаха
g Последующие сведения об ответственности вступ. ст. В. Севастьянова
210 Выходные данные 1_
a Место издания Москва
c Издательство Физкультура и спорт
d Дата издания 1982
215 Физическое описание __
a Объем 143 с.
c Иллюстрации/тип воспроизводства ил.
d Формат 20 см.
300 Общие примечания __
a Общие примечания 18+
300 Общие примечания __
a Общие примечания Под инв. номером 1288: Цс-2
606 Тематические рубрики 0_
a Основная рубрика Шахматы - Турниры шахматные
610 Ключевые слова 0_
a Ключевые слова шахматы; турниры международные; гроссмейстеры; интервью; партии шахматные; соревнования международные
686 Индексы других классификаций __
2 Код системы rubbk
a Классификационный индекс 75.58
801 Источник записи _0
a Страна RU
b Организация МБУК ЦБС г. Ульяновска
c Дата составления 20260216
g Правила каталогизации RCR
801 Источник записи _1
a Страна RU
b Организация МБУК ЦБС г. Ульяновска
c Дата составления 20260216
g Правила каталогизации RCR
852 Данные о местонахождении __
i Авторский знак М 34
j Шифр хранения 75.58
901 Тип документа __
t Тип документа m
909 Создатель записи __
a Создатель записи obr6
b Дата создания записи 20260216